00456nam a2200193 a 4500001001300000003000900013005001700022008004100039020001000080082001300090100001900103245001900122260002500141300000900166500003500175505001000210650002300220700001900243nice12345678IN_TiNIC20260116013306.0050524s1953 dela grp 000 0 eng  ac10000a230bNYG aNygren, Anders aAgape and Eros aDelhi bISPCK c1953 a764p aincludes index and biblioraphy2 aIndex aChristian-Theology1 aNygren, Anders